|
|
|
|
| LEADER |
00000naa2a2200000 4500 |
| 001 |
632414 |
| 005 |
20231225112027.0 |
| 035 |
|
|
|a (RuTPU)RU\TPU\conf\34122
|
| 035 |
|
|
|a RU\TPU\conf\34121
|
| 090 |
|
|
|a 632414
|
| 100 |
|
|
|a 20201123d2020 k y0rusy50 ca
|
| 101 |
0 |
|
|a rus
|
| 102 |
|
|
|a RU
|
| 105 |
|
|
|a y z 101zy
|
| 135 |
|
|
|a drgn ---uucaa
|
| 181 |
|
0 |
|a i
|
| 182 |
|
0 |
|a b
|
| 200 |
1 |
|
|a Создание фантома для верификации процедуры облучения с помощью медицинского пучка гамма-излучения источника 60Co
|f Ю. А. Зубкова, Е. А. Бушмина, Ю. М. Черепенников
|g науч. рук. С. Г. Стучебров
|
| 203 |
|
|
|a Текст
|c электронный
|
| 225 |
1 |
|
|a Изотопы в биологии, медицине и экологии
|
| 300 |
|
|
|a Заглавие с титульного экрана
|
| 320 |
|
|
|a [Библиогр.: с. 104 (2 назв.)]
|
| 338 |
|
|
|b Российский научный фонд
|d 18-79-10052
|
| 463 |
|
0 |
|0 (RuTPU)RU\TPU\conf\34043
|t Изотопы: технологии, материалы и применение
|o сборник тезисов докладов VI Международной научной конференции молодых ученых, аспирантов и студентов, г. Томск, 26-29 октября 2020 г.
|f Национальный исследовательский Томский политехнический университет (ТПУ)
|v [С. 103-104]
|d 2020
|
| 610 |
1 |
|
|a электронный ресурс
|
| 610 |
1 |
|
|a труды учёных ТПУ
|
| 610 |
1 |
|
|a фантомы
|
| 610 |
1 |
|
|a верификация
|
| 610 |
1 |
|
|a гамма-излучения
|
| 610 |
1 |
|
|a лучевая терапия
|
| 610 |
1 |
|
|a дистанционное обучение
|
| 610 |
1 |
|
|a радионуклидные источники
|
| 610 |
1 |
|
|a трехмерная печать
|
| 700 |
|
1 |
|a Зубкова
|b Ю. А.
|
| 701 |
|
1 |
|a Бушмина
|b Е. А.
|c специалист в области ядерных технологий
|c инженер Томского политехнического университета
|f 2000-
|g Елизавета Алексеевна
|3 (RuTPU)RU\TPU\pers\47070
|
| 701 |
|
1 |
|a Черепенников
|b Ю. М.
|c физик
|c доцент Томского политехнического университета, кандидат наук
|f 1989-
|g Юрий Михайлович
|3 (RuTPU)RU\TPU\pers\30116
|9 14522
|
| 702 |
|
1 |
|a Стучебров
|b С. Г.
|c физик
|c доцент Томского политехнического университета, кандидат наук
|f 1981-
|g Сергей Геннадьевич
|4 727
|
| 712 |
0 |
2 |
|a Национальный исследовательский Томский политехнический университет
|b Инженерная школа ядерных технологий
|b Отделение ядерно-топливного цикла
|3 (RuTPU)RU\TPU\col\23554
|
| 712 |
0 |
2 |
|a Национальный исследовательский Томский политехнический университет
|b Исследовательская школа физики высокоэнергетических процессов
|c (2017- )
|3 (RuTPU)RU\TPU\col\23551
|
| 801 |
|
2 |
|a RU
|b 63413507
|c 20220111
|g RCR
|
| 856 |
4 |
|
|u http://earchive.tpu.ru/handle/11683/63997
|
| 942 |
|
|
|c BK
|